Las ballenas cautivas / (Record no. 30909)

MARC details
000 -LEADER
fixed length control field 00731cam a2200229Ka 4500
001 - CONTROL NUMBER
control field zsdlsd b855916
003 - CONTROL NUMBER IDENTIFIER
control field OCoLC
005 - DATE AND TIME OF LATEST TRANSACTION
control field 20250313141106.0
008 - FIXED-LENGTH DATA ELEMENTS--GENERAL INFORMATION
fixed length control field 920714s1991 sp a 000 1 spa d
020 ## - INTERNATIONAL STANDARD BOOK NUMBER
International Standard Book Number 8434829673 :
Terms of availability $5.20
040 ## - CATALOGING SOURCE
Original cataloging agency SJP
Transcribing agency SJP
Modifying agency I5B
-- JTB
092 0# - LOCALLY ASSIGNED DEWEY CALL NUMBER (OCLC)
Classification number SPA FIC/VILLANES
100 1# - MAIN ENTRY--PERSONAL NAME
Personal name Villanes Cairo, Carlos,
Dates associated with a name 1943-
245 14 - TITLE STATEMENT
Title Las ballenas cautivas /
Statement of responsibility, etc. Carlos Villanes Cairo ; [ilustraciones: Esperanza Le©đn].
260 ## - PUBLICATION, DISTRIBUTION, ETC. (IMPRINT)
Place of publication, distribution, etc. Madrid :
Name of publisher, distributor, etc. Ediciones SM,
Date of publication, distribution, etc. 1991.
300 ## - PHYSICAL DESCRIPTION
Extent 109 p. :
Other physical details ill. ;
Dimensions 19 cm.
490 1# - SERIES STATEMENT
Series statement El barco de vapor. Serie naranja ;
Volume/sequential designation 71.
500 ## - GENERAL NOTE
General note "A partir de 9 a©łos"--back cover.
521 1# - TARGET AUDIENCE NOTE
Target audience note 008-Adult.
830 #0 - SERIES ADDED ENTRY--UNIFORM TITLE
Uniform title Barco de vapor.
Name of part/section of a work Serie naranja ;
Volume number/sequential designation 71.
942 ## - ADDED ENTRY ELEMENTS (KOHA)
Koha item type Libro/Book
Holdings
Withdrawn status Lost status Damaged status Not for loan Home library Current library Date acquired Inventory number Total Checkouts Full call number Barcode Date last seen Price effective from Koha item type
        San Juan Del Sur -- Mobile San Juan Del Sur -- Mobile 13/03/2025 inventory date: 13/03/2025   JF 30030830 13/03/2025 13/03/2025 Libro/Book

Powered by Koha